00270nam a22001217a 4500003000400000020001800004082001800022100001700040245001400057260004500071300000800116650002400124SGT a9789387210325 a617.645bC18N aNewburn, E.  aCariology bMedtech, Scientific International c2018 a389 aPediatric Dentistry